Statistics for Inter Milan Legends

Click here to take the quiz!

General Stats

  • This quiz has been taken 87 times
  • The average score is 11 of 24

Answer Stats

Answer% Correct
Ronaldo
97%
Javier Zanetti
91%
Wesley Sneijder
88%
Julio Cesar
84%
Samuel Eto'o
84%
Diego Milito
77%
Lothar Matthäus
72%
Esteban Cambiasso
59%
Marco Materazzi
59%
Christian Vieri
49%
Giuseppe Meazza
48%
Dejan Stanković
43%
Francesco Toldo
35%
Sandro Mazzola
35%
Andreas Brehme
32%
Giuseppe Bergomi
31%
Giacinto Facchetti
29%
Walter Zenga
28%
Luis Suarez
23%
Alessandro Altobelli
19%
Evaristo Beccalossi
9%
Gabriele Oriali
8%
Mario Corso
7%
Giuliano Sarti
5%

Score Distribution

Percentile by Number Answered

Percent of People with Each Score

Your Score History

You have not taken this quiz